All NFL Championship Games - Statistics

General Stats
  • This quiz has been taken 20 times
  • The average score is 111 of 184
Answer Stats
Year/SB Winner % Correct
Cincinnati Bengals
93%
LVII Kansas City Chiefs
93%
LVIII Kansas City Chiefs
93%
Kansas City Chiefs
93%
LVI Los Angeles Rams
93%
LIX Philadelphia Eagles
93%
Philadelphia Eagles
93%
San Francisco 49ers
93%
LIV Kansas City Chiefs
87%
Kansas City Chiefs
87%
Los Angeles Rams
87%
LIII New England Patriots
87%
San Francisco 49ers
87%
LV Tampa Bay Buccaneers
87%
Atlanta Falcons
80%
Carolina Panthers
80%
50 Denver Broncos
80%
Denver Broncos
80%
I Green Bay Packers
80%
II Green Bay Packers
80%
IV Kansas City Chiefs
80%
XXXVI New England Patriots
80%
XXXIX New England Patriots
80%
XLIX New England Patriots
80%
LI New England Patriots
80%
New England Patriots
80%
LII Philadelphia Eagles
80%
XL Pittsburgh Steelers
80%
XLVIII Seattle Seahawks
80%
Seattle Seahawks
80%
V Baltimore Colts
73%
Baltimore Colts
73%
XXXV Baltimore Ravens
73%
XLVII Baltimore Ravens
73%
VI Dallas Cowboys
73%
XXVII Dallas Cowboys
73%
XXVIII Dallas Cowboys
73%
XXX Dallas Cowboys
73%
Dallas Cowboys
73%
XLV Green Bay Packers
73%
Kansas City Chiefs
73%
VII Miami Dolphins
73%
VIII Miami Dolphins
73%
XXXVIII New England Patriots
73%
New England Patriots
73%
XLII New York Giants
73%
XLVI New York Giants
73%
III New York Jets
73%
Philadelphia Eagles
73%
XLIII Pittsburgh Steelers
73%
XXIX San Francisco 49ers
73%
Seattle Seahawks
73%
St. Louis Rams
73%
Arizona Cardinals
67%
Buffalo Bills
67%
Buffalo Bills
67%
Buffalo Bills
67%
Buffalo Bills
67%
XX Chicago Bears
67%
Chicago Bears
67%
Cincinnati Bengals
67%
Cincinnati Bengals
67%
XII Dallas Cowboys
67%
Dallas Cowboys
67%
Dallas Cowboys
67%
XXXII Denver Broncos
67%
XXXIII Denver Broncos
67%
XXXI Green Bay Packers
67%
Green Bay Packers
67%
XLI Indianapolis Colts
67%
XVIII Los Angeles Raiders
67%
Los Angeles Rams
67%
Miami Dolphins
67%
Minnesota Vikings
67%
Minnesota Vikings
67%
Minnesota Vikings
67%
New England Patriots
67%
New England Patriots
67%
New England Patriots
67%
XLIV New Orleans Saints
67%
XXI New York Giants
67%
XXV New York Giants
67%
New York Giants
67%
XI Oakland Raiders
67%
XV Oakland Raiders
67%
Oakland Raiders
67%
Oakland Raiders
67%
IX Pittsburgh Steelers
67%
X Pittsburgh Steelers
67%
XIII Pittsburgh Steelers
67%
XIV Pittsburgh Steelers
67%
Pittsburgh Steelers
67%
Pittsburgh Steelers
67%
XVI San Francisco 49ers
67%
XIX San Francisco 49ers
67%
XXIII San Francisco 49ers
67%
XXIV San Francisco 49ers
67%
San Francisco 49ers
67%
XXXIV St. Louis Rams
67%
XXXVII Tampa Bay Buccaneers
67%
Tennessee Titans
67%
XVII Washington Redskins
67%
XXII Washington Redskins
67%
XXVI Washington Redskins
67%
Washington Redskins
67%
Atlanta Falcons
60%
Carolina Panthers
60%
1933 Chicago Bears
60%
Denver Broncos
60%
Denver Broncos
60%
Denver Broncos
60%
1936 Green Bay Packers
60%
1965 Green Bay Packers
60%
Indianapolis Colts
60%
Miami Dolphins
60%
Miami Dolphins
60%
Minnesota Vikings
60%
1934 New York Giants
60%
Philadelphia Eagles
60%
San Diego Chargers
60%
Washington Redskins
60%
1940 Chicago Bears
53%
1941 Chicago Bears
53%
1943 Chicago Bears
53%
Chicago Bears
53%
1950 Cleveland Browns
53%
Cleveland Browns
53%
Denver Broncos
53%
1935 Detroit Lions
53%
1939 Green Bay Packers
53%
1944 Green Bay Packers
53%
1938 New York Giants
53%
New York Giants
53%
1946 Chicago Bears
47%
1963 Chicago Bears
47%
1964 Cleveland Browns
47%
1962 Green Bay Packers
47%
Green Bay Packers
47%
New York Giants
47%
New York Giants
47%
1959 Baltimore Colts
40%
Baltimore Colts
40%
Chicago Bears
40%
1954 Cleveland Browns
40%
1955 Cleveland Browns
40%
Cleveland Browns
40%
Cleveland Browns
40%
1952 Detroit Lions
40%
1953 Detroit Lions
40%
1961 Green Bay Packers
40%
New York Giants
40%
New York Giants
40%
New York Giants
40%
New York Giants
40%
Philadelphia Eagles
40%
1937 Washington Redskins
40%
1942 Washington Redskins
40%
Washington Redskins
40%
Washington Redskins
40%
1958 Baltimore Colts
33%
Chicago Bears
33%
Cleveland Browns
33%
Detroit Lions
33%
Green Bay Packers
33%
1951 Los Angeles Rams
33%
Los Angeles Rams
33%
1956 New York Giants
33%
New York Giants
33%
New York Giants
33%
1948 Philadelphia Eagles
33%
1949 Philadelphia Eagles
33%
1960 Philadelphia Eagles
33%
Washington Redskins
33%
Chicago Bears
27%
Cleveland Browns
27%
1957 Detroit Lions
27%
Los Angeles Rams
27%
Los Angeles Rams
27%
New York Giants
27%
New York Giants
27%
1947 Chicago Cardinals
20%
Chicago Cardinals
13%
1945 Cleveland Rams
13%
Boston Redskins
7%
No matching quizzes found
Score Distribution
Percent of People with Each Score
Percentile by Number Answered
Your Score History
You have not taken this quiz